Word Ladder: Fix-It Quiz Stats

 Plays Quiz Updated Jul 15, 2015

Challenge
Share
Tweet
Embed
Score 0/41 Timer 04:00
1 Play Today
Hint 4-Letter Word % Correct
Helps keep your pants upBELT
94.8%
Ifs, ands, or _____BUTS
94.7%
Not tameWILD
91.2%
A tall storyTALE
90.1%
*To join metal by heat*WELD
89.2%
Units of computer informationBITS
89.2%
Element AuGOLD
87.4%
The rear of an airplaneTAIL
86.8%
*Retractable measuring device*TAPE
86.4%
Raised lump, skin lesionWELT
86.2%
Obnoxious childBRAT
85.9%
Sedaka or YoungNEIL
85%
Diploma recipientGRAD
84.8%
Underground water receptacleWELL
84.5%
*Pointy metal fastener*NAIL
84.5%
Hard laborTOIL
84.1%
A little snackBITE
83.5%
*An implement*TOOL
83.3%
What we wish babies took more ofNAPS
82.7%
*Hexagonal fasteners, usually found with rung #10*NUTS
82.4%
Men's student organizationFRAT
82.3%
Hint 4-Letter Word % Correct
*Threaded fastener, usually found with rung #19*BOLT
81.9%
To deprive of strength or vigorGELD
80.5%
Military lullabyTAPS
79.5%
*Small wire variety of rung #4*BRAD
78.6%
Shortened nickname for D.C. baseball teamNATS
78.2%
Climbing plantVINE
77.8%
Spiked stick for driving cattleGOAD
76.9%
French philosopher SimoneWEIL
75.9%
ValleyDALE
75.5%
Pig foodSLOP
74.8%
A dimwitDOLT
74.3%
Below the proper pitchFLAT
74.1%
A trick intended to deceiveWILE
74.1%
SageWISE
73.4%
To distributeDOLE
73%
*Clamping device* (American spelling)VISE
71.9%
Akkadian counterpart to CerberusBINE
68.6%
A complete failFLOP
68.4%
Airfoil on wing’s trailing edgeFLAP
65.1%
*Where you might keep rung #1*SHOP
57.8%

Today's Daily Dose

You're not logged in!

Compare scores with friends on all Sporcle quizzes.
Join for Free
OR
Log In

You Might Also Like...

Show Comments

Extras

Top Quizzes Today


Score Distribution

Your Account Isn't Verified!

In order to create a playlist on Sporcle, you need to verify the email address you used during registration. Go to your Sporcle Settings to finish the process.

Report this User

Report this user for behavior that violates our Community Guidelines.

Details: